|
|
|
|
| LEADER |
00000nam0a2200000 4500 |
| 001 |
113892 |
| 005 |
20231031122037.0 |
| 010 |
|
|
|a 523800821X
|
| 035 |
|
|
|a (RuTPU)RU\TPU\book\123163
|
| 090 |
|
|
|a 113892
|
| 100 |
|
|
|a 20070417d2005 m y0rusy50 ca
|
| 101 |
0 |
|
|a rus
|
| 102 |
|
|
|a RU
|
| 105 |
|
|
|a a j 001zy
|
| 200 |
1 |
|
|a Основы выставочно-ярмарочной деятельности
|e учебное пособие
|f под ред. Л. Е. Стровского
|
| 210 |
|
|
|a Москва
|c ЮНИТИ-ДАНА
|d 2005
|
| 215 |
|
|
|a 288 с.
|c ил.
|
| 320 |
|
|
|a Библиогр.: с. 262-263.
|
| 330 |
|
|
|a Выставка является не только эффективным инструментом маркетинга, но и индикатором развития рыночных отношений в регионе. Умелое использование этого инструмента обеспечит правильное принятие решений в области государственной поддержки и координации выставочно-ярмарочной деятельности, исследования рынка выставочных услуг, а также строительства международных центров в городах в целях повышения их деловой активности. В пособии отражены вопросы координации и регулирования выставочно-ярмарочной деятельности, маркетинговых и рекламных мероприятий до, во-время и после проведения выставок. Особое внимание уделяется исследованиям теоретического и практического международного опыта, условиям развития международной выставочно-ярмарочной деятельности, приводятся результаты исследования развития рынка выставочно-ярмарочной деятельности. Для студентов и преподавателей вузов, а также специалистов-практиков.
|
| 610 |
1 |
|
|a экономика
|
| 610 |
1 |
|
|a управление
|
| 610 |
1 |
|
|a маркетинг
|
| 610 |
1 |
|
|a выставки
|
| 610 |
1 |
|
|a ярмарки
|
| 610 |
1 |
|
|a реклама
|
| 610 |
1 |
|
|a выставочно-ярмарочная деятельность
|
| 610 |
1 |
|
|a теория
|
| 610 |
1 |
|
|a история
|
| 610 |
1 |
|
|a Россия
|
| 610 |
1 |
|
|a рынок
|
| 610 |
1 |
|
|a PR
|
| 610 |
1 |
|
|a связи с общественностью
|
| 610 |
1 |
|
|a выставочная деятельность
|
| 610 |
1 |
|
|a учебные пособия
|
| 686 |
|
|
|a У9(2)212.4я73
|v LBC/SL-A
|2 rubbk
|
| 702 |
|
1 |
|a Стровский
|b Л. Е.
|g Леонид Евгеньевич
|4 340
|
| 801 |
|
1 |
|a RU
|b 63413507
|c 20070417
|g PSBO
|
| 801 |
|
2 |
|a RU
|b 63413507
|c 20121002
|g PSBO
|
| 900 |
|
|
|a Маркетинг
|
| 900 |
|
|
|a Реклама в системе маркетинговых коммуникаций
|
| 900 |
|
|
|a Выставочная работа
|
| 942 |
|
|
|c BK
|
| 959 |
|
|
|a 29/20070323
|d 1
|e 80,00
|f ЧЗГЛ:1
|